000 00936nam a2200277 i 4500
003 DO-SdBNP
005 20260420132411.0
007 ta
008 260420b2004 dr ||||| |||| 00| 0 spa d
040 _aDO-SdBNP
_bspa
_cBNPHU
_erda
041 _aspa
082 4 _axxx
_bxxx
_222
100 _aMateo Calderón, Freddy R.,
_d1969-
_eautor
_4aut.
_989366
245 1 3 _aEl nuevo procesal penal :
_bguia para la correcta aplicación /
_cFreddy R. Mateo Calderón
250 _aprimera edición
264 4 _aSanto Domingo :
_bEdiciones Jurídicas Trajano Potentini;
_bLibrería Jurídica Virtual,
_c2004.
300 _a253 páginas ;
_c23 cm.
336 _atexto
_btxt
_2rdacontent
337 _asin mediación
_bn
_2rdamedia
338 _avolumen
_bnc
_2rdacarrier
500 _aIncluiye datos biográficos del autor en la contracubierta
505 _a251-253
590 _aInventariado, 2026/BT
910 _aBtavárez
942 _2ddc
_cLBS1
999 _c60584
_d60584